000 00854nam a22003010a 4500
001 PT2122
003 AR-LpoUNG
005 20210131230046.0
008 191001s1997||||ag |||||||||||||||||spa d
040 _aAR-LpoUNG
_bspa
_cAR-LpoUNG
_eaacr
041 _aspa
044 _aag
082 0 _a982.063 843cor
100 1 _aMoreno, Nahuel
245 1 0 _aDespués del Cordobazo
250 _a3ª ed.
260 _aBuenos Aires :
_bAntídoto,
_c1997.
300 _a199 p. :
_bfot., il.
505 0 _aDonación Daniel Molina
520 _aRecopilación de artículos y documentos sobre el Cordobazo, con una visión dada por sus autor un político y pensador Trotskista.
650 4 _aARGENTINA
650 4 _aHISTORIA
650 4 _aHISTORIA NACIONAL
650 4 _aMOVIMIENTOS SOCIALES
651 4 _aArgentina
905 _a2122
942 _cLIB
999 _c1149
_d1149